|
|
|
|
| LEADER |
01666nam a2200457 a 4500 |
| 001 |
nkc20061697158 |
| 003 |
CZ PrNK |
| 005 |
20201111132128.0 |
| 007 |
ta |
| 008 |
061110s2006 xr ac f 000 0dcze |
| 015 |
|
|
|a cnb001697158
|
| 020 |
|
|
|a 80-7229-157-2
|q (brož.)
|
| 035 |
|
|
|a (OCoLC)124087045
|
| 040 |
|
|
|a ABA001
|b cze
|
| 043 |
|
|
|a e-xr---
|
| 045 |
|
|
|a y0y0
|
| 072 |
|
7 |
|a 791
|x Film. Cirkus. Lidová zábava
|2 Konspekt
|9 3
|
| 080 |
|
|
|a 784.092
|2 MRF
|
| 080 |
|
|
|a 7.092:654.198
|2 MRF
|
| 080 |
|
|
|a (437.3)
|2 MRF
|
| 080 |
|
|
|a (048.8)
|2 MRF
|
| 100 |
1 |
|
|a Hora, Pavel
|7 mzk2006331596
|4 aut
|
| 245 |
1 |
0 |
|a Superstar III :
|b deset vyvolených /
|c Pavel Hora
|
| 246 |
1 |
4 |
|a Superstar třetí řada
|
| 246 |
1 |
8 |
|a Superstar - deset vyvolených
|
| 260 |
|
|
|a [Praha] :
|b Petrklíč,
|c 2006
|
| 300 |
|
|
|a 137 s. :
|b il. (některé barev.), portréty ;
|c 21 cm
|
| 504 |
|
|
|a Obsahuje bibliografii
|
| 611 |
2 |
7 |
|a Česko hledá SuperStar (soutěž)
|7 xx0037378
|2 czenas
|
| 648 |
|
7 |
|a 2006
|7 ch969049
|2 czenas
|
| 650 |
0 |
7 |
|a pěvecké soutěže
|7 ph124863
|z Česko
|y 2001-2010
|2 czenas
|
| 650 |
0 |
7 |
|a televizní soutěže
|7 ph126521
|z Česko
|y 2001-2010
|2 czenas
|
| 650 |
0 |
9 |
|a vocal competitions
|z Czechia
|y 2001-2010
|2 eczenas
|
| 650 |
0 |
9 |
|a television quiz shows
|z Czechia
|y 2001-2010
|2 eczenas
|
| 655 |
|
7 |
|a monografie
|7 fd132842
|2 czenas
|
| 655 |
|
9 |
|a monographs
|2 eczenas
|
| 856 |
4 |
1 |
|u http://www.digitalniknihovna.cz/mzk/uuid/uuid:ce5fd880-9a70-11e4-a808-005056827e52
|y Digitalizovaný dokument
|x NDK
|
| 910 |
2 |
|
|a BOA001
|b 2-1456.031
|
| 990 |
|
|
|a BK
|
| 995 |
|
|
|a 01
|
| 996 |
6 |
|
|b 2610842644
|c 2-1456.031
|l MZK
|r Sklad / do 1 hodiny
|n 0
|p dar
|w 001834296
|u 000010
|a 1
|e BOA001
|j MZK50
|s P
|